[Event "April 9 Late 2024"]
[Site "Chess.com"]
[Date "2024.04.09"]
[Round "11"]
[White "Zimmermann, Ulrich"]
[Black "Zavgorodniy, Sergiy"]
[Result "0-1"]
[Board "55"]
[WhiteFideId "24654523"]
[BlackFideId "14110148"]
[WhiteTitle "FM"]
[BlackTitle "IM"]
[WhiteElo "2458"]
[BlackElo "2616"]
[WhiteTeam "GER"]
[BlackTeam "UKR"]
[WhiteClock "0:00:16"]
[BlackClock "0:01:38"]
[Variant "Standard"]

1. Nf3 {[%clk 0:03:00]}  d5 {[%clk 0:02:58]} 2. e3 {[%clk 0:03:01]}  Nf6 {[%clk 0:02:58]} 3. c4 {[%clk 0:03:02]}  dxc4 {[%clk 0:02:56]} 4. Bxc4 {[%clk 0:03:02]}  e6 {[%clk 0:02:56]} 5. O-O {[%clk 0:03:02]}  a6 {[%clk 0:02:56]} 6. b3 {[%clk 0:03:03]}  b5 {[%clk 0:02:55]} 7. Be2 {[%clk 0:03:03]}  Bb7 {[%clk 0:02:55]} 8. Bb2 {[%clk 0:03:03]}  Nbd7 {[%clk 0:02:54]} 9. Qc2 {[%clk 0:03:03]}  c5 {[%clk 0:02:52]} 10. d3 {[%clk 0:03:04]}  Be7 {[%clk 0:02:43]} 11. Nbd2 {[%clk 0:03:03]}  O-O {[%clk 0:02:42]} 12. Rac1 {[%clk 0:03:04]}  Rc8 {[%clk 0:02:41]} 13. a3 {[%clk 0:03:03]}  Qb6 {[%clk 0:02:41]} 14. Rfe1 {[%clk 0:03:01]}  Rfd8 {[%clk 0:02:41]} 15. Qb1 {[%clk 0:03:01]}  h6 {[%clk 0:02:41]} 16. Qa1 {[%clk 0:03:01]}  Bf8 {[%clk 0:02:40]} 17. Nf1 {[%clk 0:02:43]}  Bd5 {[%clk 0:02:38]} 18. N3d2 {[%clk 0:02:40]}  Be7 {[%clk 0:02:35]} 19. e4 {[%clk 0:02:16]}  Ba8 {[%clk 0:02:34]} 20. Ne3 {[%clk 0:02:16]}  Nb8 {[%clk 0:02:33]} 21. Kh1 {[%clk 0:02:03]}  Nc6 {[%clk 0:02:32]} 22. Nf3 {[%clk 0:01:56]}  Rd7 {[%clk 0:02:29]} 23. g4 {[%clk 0:01:54]}  Rcd8 {[%clk 0:02:24]} 24. g5 {[%clk 0:01:53]}  hxg5 {[%clk 0:02:22]} 25. Rg1 {[%clk 0:01:52]}  Nd4 {[%clk 0:02:09]} 26. Bd1 {[%clk 0:01:21]}  Nxe4 {[%clk 0:01:57]} 27. dxe4 {[%clk 0:01:15]}  Bxe4 {[%clk 0:01:57]} 28. Rg3 {[%clk 0:01:04]}  Qb7 {[%clk 0:01:57]} 29. Kg2 {[%clk 0:01:01]}  Bd6 {[%clk 0:01:55]} 30. Bxd4 {[%clk 0:00:53]}  Bxg3 {[%clk 0:01:53]} 31. Bxg7 {[%clk 0:00:50]}  Rxd1 {[%clk 0:01:44]} 32. Nxd1 {[%clk 0:00:20]}  Bxf3+ {[%clk 0:01:40]} 33. Kxg3 {[%clk 0:00:20]}  Qe4 {[%clk 0:01:40]} 34. Qf6 {[%clk 0:00:16]}  Qg4# {[%clk 0:01:38]} 0-1

[Event "April 9 Late 2024"]
[Site "Chess.com"]
[Date "2024.04.10"]
[Round "11"]
[White "Temirlan Baltabaev"]
[Black "Kleibel, Uwe"]
[Result "1/2-1/2"]
[Board "57"]
[WhiteFideId "4112172"]
[BlackFideId "1270982"]
[WhiteTitle "FM"]
[BlackTitle "FM"]
[WhiteElo "2602"]
[BlackElo "2451"]
[WhiteTeam "RUS"]
[BlackTeam "GER"]
[WhiteClock "0:01:22"]
[BlackClock "0:00:48"]
[Variant "Standard"]

1. e4 {[%clk 0:03:00]}  c5 {[%clk 0:02:55]} 2. Nf3 {[%clk 0:03:01]}  Nc6 {[%clk 0:02:55]} 3. d4 {[%clk 0:03:01]}  cxd4 {[%clk 0:02:56]} 4. Nxd4 {[%clk 0:03:01]}  Nf6 {[%clk 0:02:57]} 5. Nc3 {[%clk 0:03:02]}  e5 {[%clk 0:02:57]} 6. Nf3 {[%clk 0:03:00]}  Bb4 {[%clk 0:02:51]} 7. Bd3 {[%clk 0:02:57]}  d5 {[%clk 0:02:50]} 8. Bg5 {[%clk 0:02:44]}  d4 {[%clk 0:02:44]} 9. a3 {[%clk 0:02:44]}  dxc3 {[%clk 0:02:35]} 10. axb4 {[%clk 0:02:44]}  cxb2 {[%clk 0:02:36]} 11. Rb1 {[%clk 0:02:39]}  Bg4 {[%clk 0:02:25]} 12. h3 {[%clk 0:02:35]}  Bxf3 {[%clk 0:02:24]} 13. Qxf3 {[%clk 0:02:34]}  Nxb4 {[%clk 0:02:16]} 14. Bb5+ {[%clk 0:02:30]}  Nc6 {[%clk 0:02:05]} 15. Qa3 {[%clk 0:02:05]}  Qe7 {[%clk 0:01:42]} 16. Qxe7+ {[%clk 0:02:00]}  Kxe7 {[%clk 0:01:43]} 17. Rxb2 {[%clk 0:01:58]}  h6 {[%clk 0:01:32]} 18. Bxf6+ {[%clk 0:01:49]}  gxf6 {[%clk 0:01:32]} 19. Bxc6 {[%clk 0:01:46]}  bxc6 {[%clk 0:01:32]} 20. Rb7+ {[%clk 0:01:46]}  Ke6 {[%clk 0:01:30]} 21. Kd2 {[%clk 0:01:42]}  Rhb8 {[%clk 0:01:27]} 22. Rhb1 {[%clk 0:01:41]}  Rxb7 {[%clk 0:01:28]} 23. Rxb7 {[%clk 0:01:40]}  a5 {[%clk 0:01:22]} 24. Kc3 {[%clk 0:01:40]}  a4 {[%clk 0:01:21]} 25. Kb2 {[%clk 0:01:40]}  a3+ {[%clk 0:01:21]} 26. Ka2 {[%clk 0:01:40]}  Ra4 {[%clk 0:01:20]} 27. f3 {[%clk 0:01:27]}  Rc4 {[%clk 0:01:09]} 28. Kb3 {[%clk 0:01:27]}  Ra4 {[%clk 0:01:05]} 29. Ka2 {[%clk 0:01:23]}  Rc4 {[%clk 0:00:57]} 30. Kb3 {[%clk 0:01:22]}  Ra4 {[%clk 0:00:48]} 31. Ka2 {[%clk 0:01:22]} 1/2-1/2

[Event "April 9 Late 2024"]
[Site "Chess.com"]
[Date "2024.04.09"]
[Round "11"]
[White "Ruperez Benito, Antonio"]
[Black "Krzesaj, Robert"]
[Result "1-0"]
[Board "59"]
[WhiteFideId "22245049"]
[BlackFideId "1123521"]
[WhiteTitle "FM"]
[BlackTitle "FM"]
[WhiteElo "2580"]
[BlackElo "2449"]
[WhiteTeam "ESP"]
[BlackTeam "POL"]
[WhiteClock "0:01:26"]
[BlackClock "0:00:12"]
[Variant "Standard"]

1. e4 {[%clk 0:03:00]}  c6 {[%clk 0:02:59]} 2. d4 {[%clk 0:02:59]}  d5 {[%clk 0:02:59]} 3. e5 {[%clk 0:02:59]}  Bf5 {[%clk 0:02:59]} 4. h4 {[%clk 0:02:57]}  h5 {[%clk 0:02:59]} 5. Bd3 {[%clk 0:02:55]}  Bxd3 {[%clk 0:02:59]} 6. Qxd3 {[%clk 0:02:56]}  Qa5+ {[%clk 0:02:59]} 7. b4 {[%clk 0:02:54]}  Qxb4+ {[%clk 0:02:44]} 8. Nd2 {[%clk 0:02:54]}  e6 {[%clk 0:02:42]} 9. Rb1 {[%clk 0:02:54]}  Qe7 {[%clk 0:02:42]} 10. Ngf3 {[%clk 0:02:53]}  Qd7 {[%clk 0:02:34]} 11. c4 {[%clk 0:02:50]}  Nh6 {[%clk 0:02:21]} 12. Ba3 {[%clk 0:02:32]}  Be7 {[%clk 0:02:07]} 13. O-O {[%clk 0:02:26]}  Nf5 {[%clk 0:02:06]} 14. Bxe7 {[%clk 0:02:10]}  Qxe7 {[%clk 0:02:02]} 15. c5 {[%clk 0:02:06]}  Nxh4 {[%clk 0:01:38]} 16. Nxh4 {[%clk 0:02:04]}  Qxh4 {[%clk 0:01:37]} 17. Rxb7 {[%clk 0:02:05]}  Nd7 {[%clk 0:01:38]} 18. Qa6 {[%clk 0:02:01]}  Qxd4 {[%clk 0:01:01]} 19. Rxd7 {[%clk 0:01:47]}  Qxd2 {[%clk 0:00:54]} 20. Re7+ {[%clk 0:01:46]}  Kf8 {[%clk 0:00:50]} 21. Qb7 {[%clk 0:01:44]}  Qf4 {[%clk 0:00:40]} 22. Qxa8+ {[%clk 0:01:40]}  Kxe7 {[%clk 0:00:40]} 23. Qxh8 {[%clk 0:01:41]}  Qxe5 {[%clk 0:00:41]} 24. Rb1 {[%clk 0:01:40]}  Kf6 {[%clk 0:00:39]} 25. Qd8+ {[%clk 0:01:38]}  Kg6 {[%clk 0:00:39]} 26. Qd6 {[%clk 0:01:37]}  Qe4 {[%clk 0:00:37]} 27. Qg3+ {[%clk 0:01:35]}  Kh7 {[%clk 0:00:34]} 28. Rb7 {[%clk 0:01:32]}  Qf5 {[%clk 0:00:23]} 29. Qf3 {[%clk 0:01:29]}  Qg6 {[%clk 0:00:12]} 30. Qxf7 {[%clk 0:01:26]} 1-0

[Event "April 9 Late 2024"]
[Site "Chess.com"]
[Date "2024.04.09"]
[Round "11"]
[White "Arnold, Ken"]
[Black "Skotheim, Andreas"]
[Result "0-1"]
[Board "61"]
[WhiteFideId "2056836"]
[BlackFideId "1518526"]
[BlackTitle "CM"]
[WhiteElo "2416"]
[BlackElo "2574"]
[WhiteTeam "USA"]
[BlackTeam "NOR"]
[WhiteClock "0:00:13"]
[BlackClock "0:00:04"]
[Variant "Standard"]

1. e4 {[%clk 0:03:00]}  c6 {[%clk 0:02:57]} 2. Nf3 {[%clk 0:03:00]}  d5 {[%clk 0:02:57]} 3. Nc3 {[%clk 0:03:00]}  a6 {[%clk 0:02:55]} 4. d4 {[%clk 0:03:00]}  g6 {[%clk 0:02:54]} 5. e5 {[%clk 0:02:59]}  Nh6 {[%clk 0:02:49]} 6. Bg5 {[%clk 0:02:56]}  f6 {[%clk 0:02:47]} 7. exf6 {[%clk 0:02:56]}  exf6 {[%clk 0:02:48]} 8. Bh4 {[%clk 0:02:52]}  Nf5 {[%clk 0:02:47]} 9. Bg3 {[%clk 0:02:52]}  Nxg3 {[%clk 0:02:46]} 10. hxg3 {[%clk 0:02:51]}  Qe7+ {[%clk 0:02:37]} 11. Be2 {[%clk 0:02:50]}  Bg7 {[%clk 0:02:28]} 12. O-O {[%clk 0:02:48]}  O-O {[%clk 0:02:28]} 13. Na4 {[%clk 0:02:41]}  Nd7 {[%clk 0:02:13]} 14. Bd3 {[%clk 0:02:41]}  Qd6 {[%clk 0:02:14]} 15. a3 {[%clk 0:02:37]}  b5 {[%clk 0:02:14]} 16. Nc3 {[%clk 0:02:37]}  a5 {[%clk 0:02:08]} 17. Qd2 {[%clk 0:02:36]}  Nb6 {[%clk 0:02:02]} 18. b3 {[%clk 0:02:22]}  a4 {[%clk 0:01:53]} 19. b4 {[%clk 0:02:06]}  Bg4 {[%clk 0:01:49]} 20. Rfe1 {[%clk 0:02:04]}  Qd7 {[%clk 0:01:44]} 21. Ne2 {[%clk 0:01:49]}  Rae8 {[%clk 0:01:39]} 22. c3 {[%clk 0:01:46]}  Bf5 {[%clk 0:01:37]} 23. Nf4 {[%clk 0:01:42]}  Bh6 {[%clk 0:01:35]} 24. Qc2 {[%clk 0:01:38]}  Bg4 {[%clk 0:01:03]} 25. Nd2 {[%clk 0:01:29]}  Qc7 {[%clk 0:00:52]} 26. Ne2 {[%clk 0:00:56]}  Bxd2 {[%clk 0:00:42]} 27. Qxd2 {[%clk 0:00:56]}  Kg7 {[%clk 0:00:40]} 28. Nf4 {[%clk 0:00:51]}  Qd7 {[%clk 0:00:37]} 29. Rxe8 {[%clk 0:00:50]}  Rxe8 {[%clk 0:00:37]} 30. Re1 {[%clk 0:00:50]}  Rxe1+ {[%clk 0:00:29]} 31. Qxe1 {[%clk 0:00:49]}  g5 {[%clk 0:00:28]} 32. Ne2 {[%clk 0:00:47]}  Bf5 {[%clk 0:00:26]} 33. Qd2 {[%clk 0:00:44]}  Bxd3 {[%clk 0:00:24]} 34. Qxd3 {[%clk 0:00:44]}  Nc4 {[%clk 0:00:25]} 35. g4 {[%clk 0:00:33]}  Qxg4 {[%clk 0:00:20]} 36. Ng3 {[%clk 0:00:33]}  Nd6 {[%clk 0:00:18]} 37. Qe3 {[%clk 0:00:30]}  Ne4 {[%clk 0:00:13]} 38. Nxe4 {[%clk 0:00:29]}  Qxe4 {[%clk 0:00:13]} 39. Qg3 {[%clk 0:00:27]}  Kg6 {[%clk 0:00:13]} 40. Qc7 {[%clk 0:00:25]}  Qe6 {[%clk 0:00:12]} 41. g3 {[%clk 0:00:24]}  h5 {[%clk 0:00:12]} 42. Qd8 {[%clk 0:00:23]}  g4 {[%clk 0:00:05]} 43. Qc7 {[%clk 0:00:23]}  Kg5 {[%clk 0:00:03]} 44. Qf4+ {[%clk 0:00:22]}  Kg6 {[%clk 0:00:04]} 45. Qc7 {[%clk 0:00:22]}  Qe1+ {[%clk 0:00:02]} 46. Kg2 {[%clk 0:00:22]}  Qxc3 {[%clk 0:00:03]} 47. Qf4 {[%clk 0:00:16]}  Qf3+ {[%clk 0:00:04]} 48. Qxf3 {[%clk 0:00:14]}  gxf3+ {[%clk 0:00:05]} 49. Kxf3 {[%clk 0:00:15]}  Kg5 {[%clk 0:00:04]} 50. Ke3 {[%clk 0:00:15]}  Kg4 {[%clk 0:00:04]} 51. Ke2 {[%clk 0:00:15]}  f5 {[%clk 0:00:03]} 52. Ke3 {[%clk 0:00:16]}  f4+ {[%clk 0:00:03]} 53. gxf4 {[%clk 0:00:16]}  h4 {[%clk 0:00:03]} 54. f3+ {[%clk 0:00:16]}  Kf5 {[%clk 0:00:03]} 55. Ke2 {[%clk 0:00:15]}  Kxf4 {[%clk 0:00:04]} 56. Kf2 {[%clk 0:00:13]}  h3 {[%clk 0:00:04]} 0-1

[Event "April 9 Late 2024"]
[Site "Chess.com"]
[Date "2024.04.09"]
[Round "11"]
[White "Torres, Yelfry"]
[Black "Pham, Le Thao Nguyen"]
[Result "0-1"]
[Board "63"]
[WhiteFideId "6401066"]
[BlackFideId "12401226"]
[BlackTitle "IM"]
[WhiteElo "2432"]
[BlackElo "2554"]
[WhiteTeam "DOM"]
[BlackTeam "VIE"]
[WhiteClock "0:00:00"]
[BlackClock "0:00:26"]
[Variant "Standard"]

1. c4 {[%clk 0:02:56]}  c6 {[%clk 0:02:59]} 2. Nf3 {[%clk 0:02:50]}  d5 {[%clk 0:02:59]} 3. cxd5 {[%clk 0:02:50]}  cxd5 {[%clk 0:02:59]} 4. d4 {[%clk 0:02:50]}  Nc6 {[%clk 0:03:00]} 5. Nc3 {[%clk 0:02:50]}  Nf6 {[%clk 0:03:00]} 6. Bf4 {[%clk 0:02:50]}  a6 {[%clk 0:03:01]} 7. e3 {[%clk 0:02:50]}  Bg4 {[%clk 0:02:59]} 8. Be2 {[%clk 0:02:50]}  e6 {[%clk 0:02:59]} 9. h3 {[%clk 0:02:51]}  Bxf3 {[%clk 0:02:55]} 10. Bxf3 {[%clk 0:02:52]}  Bd6 {[%clk 0:02:55]} 11. Bxd6 {[%clk 0:02:47]}  Qxd6 {[%clk 0:02:56]} 12. O-O {[%clk 0:02:48]}  O-O {[%clk 0:02:56]} 13. Rc1 {[%clk 0:02:46]}  Rfc8 {[%clk 0:02:56]} 14. Na4 {[%clk 0:02:43]}  Nd7 {[%clk 0:02:49]} 15. Qd2 {[%clk 0:02:21]}  Qb4 {[%clk 0:02:43]} 16. Qxb4 {[%clk 0:02:01]}  Nxb4 {[%clk 0:02:44]} 17. a3 {[%clk 0:02:01]}  Nd3 {[%clk 0:02:28]} 18. Rxc8+ {[%clk 0:00:43]}  Rxc8 {[%clk 0:02:28]} 19. Rd1 {[%clk 0:00:44]}  b5 {[%clk 0:02:20]} 20. Rxd3 {[%clk 0:00:42]}  bxa4 {[%clk 0:02:20]} 21. Rd2 {[%clk 0:00:37]}  Nb6 {[%clk 0:02:10]} 22. Be2 {[%clk 0:00:37]}  a5 {[%clk 0:02:09]} 23. Bb5 {[%clk 0:00:37]}  Kf8 {[%clk 0:02:09]} 24. Kf1 {[%clk 0:00:36]}  Ke7 {[%clk 0:02:09]} 25. Ke2 {[%clk 0:00:37]}  Kd6 {[%clk 0:02:08]} 26. Kd3 {[%clk 0:00:37]}  e5 {[%clk 0:01:48]} 27. dxe5+ {[%clk 0:00:36]}  Kxe5 {[%clk 0:01:49]} 28. f4+ {[%clk 0:00:35]}  Kd6 {[%clk 0:01:48]} 29. Rc2 {[%clk 0:00:28]}  Rc5 {[%clk 0:01:47]} 30. Be8 {[%clk 0:00:23]}  f6 {[%clk 0:01:43]} 31. Rd2 {[%clk 0:00:18]}  g6 {[%clk 0:01:37]} 32. g4 {[%clk 0:00:18]}  Ke7 {[%clk 0:01:36]} 33. Bxg6 {[%clk 0:00:12]}  hxg6 {[%clk 0:01:35]} 34. h4 {[%clk 0:00:13]}  Ke6 {[%clk 0:01:30]} 35. Rh2 {[%clk 0:00:13]}  Rc7 {[%clk 0:01:28]} 36. h5 {[%clk 0:00:13]}  gxh5 {[%clk 0:01:27]} 37. Rxh5 {[%clk 0:00:13]}  Rg7 {[%clk 0:01:26]} 38. g5 {[%clk 0:00:13]}  fxg5 {[%clk 0:01:24]} 39. Rh6+ {[%clk 0:00:13]}  Kf5 {[%clk 0:01:22]} 40. Rxb6 {[%clk 0:00:14]}  gxf4 {[%clk 0:01:22]} 41. exf4 {[%clk 0:00:14]}  Kxf4 {[%clk 0:01:13]} 42. Kd4 {[%clk 0:00:15]}  Rg2 {[%clk 0:01:00]} 43. Rf6+ {[%clk 0:00:13]}  Kg5 {[%clk 0:00:59]} 44. Rb6 {[%clk 0:00:13]}  Rd2+ {[%clk 0:00:57]} 45. Ke5 {[%clk 0:00:13]}  Kg4 {[%clk 0:00:57]} 46. Rb5 {[%clk 0:00:13]}  d4 {[%clk 0:00:56]} 47. Ke4 {[%clk 0:00:13]}  Kg3 {[%clk 0:00:55]} 48. Rxa5 {[%clk 0:00:12]}  Kf2 {[%clk 0:00:53]} 49. Rxa4 {[%clk 0:00:13]}  d3 {[%clk 0:00:54]} 50. Rd4 {[%clk 0:00:12]}  Ke2 {[%clk 0:00:54]} 51. a4 {[%clk 0:00:11]}  Rd1 {[%clk 0:00:55]} 52. a5 {[%clk 0:00:11]}  d2 {[%clk 0:00:55]} 53. b4 {[%clk 0:00:12]}  Rb1 {[%clk 0:00:53]} 54. Kd5 {[%clk 0:00:11]}  Rxb4 {[%clk 0:00:51]} 55. Rxb4 {[%clk 0:00:11]}  d1=Q+ {[%clk 0:00:51]} 56. Kc5 {[%clk 0:00:12]}  Qc2+ {[%clk 0:00:44]} 57. Rc4 {[%clk 0:00:12]}  Qf5+ {[%clk 0:00:44]} 58. Kb6 {[%clk 0:00:12]}  Qe6+ {[%clk 0:00:43]} 59. Rc6 {[%clk 0:00:13]}  Qb3+ {[%clk 0:00:44]} 60. Kc7 {[%clk 0:00:13]}  Qf7+ {[%clk 0:00:41]} 61. Kb6 {[%clk 0:00:13]}  Qf2+ {[%clk 0:00:38]} 62. Kb7 {[%clk 0:00:13]}  Kd3 {[%clk 0:00:32]} 63. a6 {[%clk 0:00:14]}  Qf7+ {[%clk 0:00:32]} 64. Kb6 {[%clk 0:00:13]}  Qb3+ {[%clk 0:00:32]} 65. Kc7 {[%clk 0:00:14]}  Qa4 {[%clk 0:00:32]} 66. Kb7 {[%clk 0:00:14]}  Qb5+ {[%clk 0:00:32]} 67. Rb6 {[%clk 0:00:15]}  Qd7+ {[%clk 0:00:32]} 68. Kb8 {[%clk 0:00:13]}  Qd8+ {[%clk 0:00:31]} 69. Kb7 {[%clk 0:00:14]}  Qd7+ {[%clk 0:00:28]} 70. Kb8 {[%clk 0:00:14]}  Kc4 {[%clk 0:00:28]} 71. a7 {[%clk 0:00:14]}  Kc5 {[%clk 0:00:28]} 72. a8=Q {[%clk 0:00:04]}  Kxb6 {[%clk 0:00:27]} 73. Qc6+ {[%clk 0:00:00]}  Kxc6 {[%clk 0:00:26]} 0-1

[Event "April 9 Late 2024"]
[Site "Chess.com"]
[Date "2024.04.09"]
[Round "11"]
[White "Pesotskiy, Mikhail"]
[Black "Venkatesh, Narayan"]
[Result "1-0"]
[Board "64"]
[WhiteFideId "34164453"]
[BlackFideId "30987881"]
[WhiteTitle "FM"]
[BlackTitle "CM"]
[WhiteElo "2516"]
[BlackElo "2379"]
[WhiteTeam "RUS"]
[BlackTeam "USA"]
[WhiteClock "0:00:07"]
[BlackClock "0:00:00"]
[Variant "Standard"]

1. d4 {[%clk 0:03:00]}  Nf6 {[%clk 0:02:59]} 2. c4 {[%clk 0:02:58]}  e6 {[%clk 0:02:58]} 3. Nc3 {[%clk 0:02:59]}  Bb4 {[%clk 0:02:58]} 4. Qc2 {[%clk 0:02:59]}  O-O {[%clk 0:02:57]} 5. a3 {[%clk 0:03:00]}  Bxc3+ {[%clk 0:02:56]} 6. Qxc3 {[%clk 0:03:00]}  b6 {[%clk 0:02:57]} 7. f3 {[%clk 0:03:00]}  d5 {[%clk 0:02:56]} 8. Bg5 {[%clk 0:02:59]}  Bb7 {[%clk 0:02:55]} 9. e3 {[%clk 0:02:59]}  Nbd7 {[%clk 0:02:55]} 10. cxd5 {[%clk 0:02:59]}  exd5 {[%clk 0:02:52]} 11. Bd3 {[%clk 0:03:00]}  c5 {[%clk 0:02:50]} 12. Ne2 {[%clk 0:03:00]}  Rc8 {[%clk 0:02:48]} 13. O-O {[%clk 0:03:00]}  Qe7 {[%clk 0:02:46]} 14. Ng3 {[%clk 0:02:47]}  h6 {[%clk 0:02:43]} 15. Nf5 {[%clk 0:02:46]}  Qe6 {[%clk 0:02:40]} 16. Bh4 {[%clk 0:02:46]}  Rfe8 {[%clk 0:02:27]} 17. Rfe1 {[%clk 0:02:45]}  Nf8 {[%clk 0:02:24]} 18. Rad1 {[%clk 0:02:43]}  Ng6 {[%clk 0:02:23]} 19. Bf2 {[%clk 0:02:42]}  Ne7 {[%clk 0:02:17]} 20. Nxe7+ {[%clk 0:02:36]}  Qxe7 {[%clk 0:02:17]} 21. Bb1 {[%clk 0:02:36]}  Qd6 {[%clk 0:02:13]} 22. Qd3 {[%clk 0:02:30]}  c4 {[%clk 0:02:08]} 23. Qf5 {[%clk 0:02:23]}  g6 {[%clk 0:01:55]} 24. Qh3 {[%clk 0:02:13]}  Kg7 {[%clk 0:01:54]} 25. Bg3 {[%clk 0:02:11]}  Qd7 {[%clk 0:01:54]} 26. Qxd7 {[%clk 0:02:03]}  Nxd7 {[%clk 0:01:54]} 27. e4 {[%clk 0:02:04]}  Nf8 {[%clk 0:01:49]} 28. exd5 {[%clk 0:01:50]}  Bxd5 {[%clk 0:01:48]} 29. Re5 {[%clk 0:01:46]}  Bc6 {[%clk 0:01:44]} 30. d5 {[%clk 0:01:45]}  Ba4 {[%clk 0:01:44]} 31. Rde1 {[%clk 0:01:35]}  Rxe5 {[%clk 0:01:44]} 32. Bxe5+ {[%clk 0:01:36]}  Kg8 {[%clk 0:01:42]} 33. d6 {[%clk 0:01:24]}  Ne6 {[%clk 0:01:40]} 34. Bf6 {[%clk 0:01:21]}  Bd7 {[%clk 0:01:36]} 35. Be4 {[%clk 0:01:10]}  b5 {[%clk 0:01:24]} 36. Bd5 {[%clk 0:01:08]}  Rc5 {[%clk 0:01:10]} 37. Re5 {[%clk 0:01:03]}  Rc8 {[%clk 0:00:58]} 38. h4 {[%clk 0:00:42]}  h5 {[%clk 0:00:54]} 39. Be4 {[%clk 0:00:38]}  a5 {[%clk 0:00:41]} 40. g4 {[%clk 0:00:37]}  hxg4 {[%clk 0:00:40]} 41. fxg4 {[%clk 0:00:38]}  Rc5 {[%clk 0:00:32]} 42. h5 {[%clk 0:00:25]}  Rxe5 {[%clk 0:00:27]} 43. Bxe5 {[%clk 0:00:26]}  Kh7 {[%clk 0:00:25]} 44. hxg6+ {[%clk 0:00:17]}  fxg6 {[%clk 0:00:24]} 45. Bd5 {[%clk 0:00:18]}  Nc5 {[%clk 0:00:21]} 46. g5 {[%clk 0:00:17]}  Nd3 {[%clk 0:00:19]} 47. Bf6 {[%clk 0:00:17]}  Nf4 {[%clk 0:00:13]} 48. Bf7 {[%clk 0:00:17]}  Nh5 {[%clk 0:00:12]} 49. Kf2 {[%clk 0:00:17]}  Nf4 {[%clk 0:00:10]} 50. Ke3 {[%clk 0:00:16]}  Nd3 {[%clk 0:00:11]} 51. Kd2 {[%clk 0:00:15]}  Nc5 {[%clk 0:00:10]} 52. Kc3 {[%clk 0:00:15]}  Ne4+ {[%clk 0:00:10]} 53. Kd4 {[%clk 0:00:15]}  Nxd6 {[%clk 0:00:11]} 54. Bd5 {[%clk 0:00:14]}  Nf5+ {[%clk 0:00:11]} 55. Kc5 {[%clk 0:00:14]}  Ne3 {[%clk 0:00:09]} 56. Bf7 {[%clk 0:00:13]}  Nd1 {[%clk 0:00:07]} 57. a4 {[%clk 0:00:12]}  bxa4 {[%clk 0:00:07]} 58. Bxc4 {[%clk 0:00:12]}  Ne3 {[%clk 0:00:06]} 59. Bf7 {[%clk 0:00:12]}  Nf5 {[%clk 0:00:06]} 60. Kb6 {[%clk 0:00:11]}  a3 {[%clk 0:00:06]} 61. bxa3 {[%clk 0:00:11]}  a4 {[%clk 0:00:06]} 62. Ka5 {[%clk 0:00:11]}  Ne3 {[%clk 0:00:07]} 63. Ba2 {[%clk 0:00:06]}  Nc2 {[%clk 0:00:07]} 64. Be7 {[%clk 0:00:05]}  Bc6 {[%clk 0:00:06]} 65. Bb1 {[%clk 0:00:04]}  Ne1 {[%clk 0:00:05]} 66. Bf6 {[%clk 0:00:02]}  Nf3 {[%clk 0:00:06]} 67. Bd3 {[%clk 0:00:02]}  Nd2 {[%clk 0:00:05]} 68. Bb5 {[%clk 0:00:02]}  Nb3+ {[%clk 0:00:05]} 69. Kb4 {[%clk 0:00:03]}  Bd5 {[%clk 0:00:03]} 70. Bxa4 {[%clk 0:00:03]}  Nd2 {[%clk 0:00:03]} 71. Bb5 {[%clk 0:00:03]}  Ne4 {[%clk 0:00:04]} 72. a4 {[%clk 0:00:03]}  Nxf6 {[%clk 0:00:03]} 73. gxf6 {[%clk 0:00:04]}  Kg8 {[%clk 0:00:03]} 74. Kc5 {[%clk 0:00:04]}  Ba8 {[%clk 0:00:02]} 75. a5 {[%clk 0:00:05]}  Kf7 {[%clk 0:00:02]} 76. a6 {[%clk 0:00:06]}  Kxf6 {[%clk 0:00:00]} 77. Bc6 {[%clk 0:00:07]} 1-0

[Event "April 9 Late 2024"]
[Site "Chess.com"]
[Date "2024.04.09"]
[Round "11"]
[White "Slovineanu, Viacheslav"]
[Black "Laskakis, Konstantinos"]
[Result "1-0"]
[Board "65"]
[WhiteFideId "13900510"]
[BlackFideId "42134374"]
[WhiteTitle "IM"]
[WhiteElo "2494"]
[BlackElo "2357"]
[WhiteTeam "MDA"]
[BlackTeam "GRE"]
[WhiteClock "0:00:07"]
[BlackClock "0:00:00"]
[Variant "Standard"]

1. d4 {[%clk 0:03:00]}  d6 {[%clk 0:03:00]} 2. e4 {[%clk 0:03:00]}  Nf6 {[%clk 0:02:59]} 3. Nc3 {[%clk 0:03:00]}  e5 {[%clk 0:03:00]} 4. Nf3 {[%clk 0:03:01]}  Nbd7 {[%clk 0:02:59]} 5. Bc4 {[%clk 0:03:00]}  Be7 {[%clk 0:03:00]} 6. O-O {[%clk 0:03:00]}  O-O {[%clk 0:03:00]} 7. h3 {[%clk 0:03:00]}  c6 {[%clk 0:03:00]} 8. a4 {[%clk 0:03:00]}  h6 {[%clk 0:03:00]} 9. Re1 {[%clk 0:02:58]}  Re8 {[%clk 0:02:59]} 10. Be3 {[%clk 0:02:45]}  exd4 {[%clk 0:02:56]} 11. Qxd4 {[%clk 0:02:39]}  Bf8 {[%clk 0:02:36]} 12. Bf4 {[%clk 0:02:27]}  Nc5 {[%clk 0:02:28]} 13. e5 {[%clk 0:02:15]}  dxe5 {[%clk 0:02:19]} 14. Qxd8 {[%clk 0:02:06]}  Rxd8 {[%clk 0:02:20]} 15. Bxe5 {[%clk 0:02:06]}  Bf5 {[%clk 0:02:03]} 16. Nd4 {[%clk 0:01:44]}  Bg6 {[%clk 0:01:50]} 17. Rad1 {[%clk 0:01:37]}  Nfd7 {[%clk 0:01:43]} 18. Bc7 {[%clk 0:01:35]}  Rdc8 {[%clk 0:01:41]} 19. Bg3 {[%clk 0:01:32]}  a5 {[%clk 0:01:30]} 20. Rd2 {[%clk 0:01:22]}  Nb6 {[%clk 0:01:29]} 21. Bb3 {[%clk 0:01:15]}  Nxb3 {[%clk 0:01:25]} 22. cxb3 {[%clk 0:01:12]}  Re8 {[%clk 0:01:05]} 23. Rde2 {[%clk 0:01:09]}  Rxe2 {[%clk 0:01:00]} 24. Rxe2 {[%clk 0:01:10]}  Bc5 {[%clk 0:00:56]} 25. Nf3 {[%clk 0:00:58]}  Kf8 {[%clk 0:00:44]} 26. Ne5 {[%clk 0:00:44]}  Bf5 {[%clk 0:00:41]} 27. Ne4 {[%clk 0:00:28]}  Bb4 {[%clk 0:00:36]} 28. Nd3 {[%clk 0:00:22]}  Be7 {[%clk 0:00:24]} 29. Ndc5 {[%clk 0:00:20]}  Bxe4 {[%clk 0:00:13]} 30. Nxe4 {[%clk 0:00:19]}  Rd8 {[%clk 0:00:12]} 31. Bc7 {[%clk 0:00:17]}  Rd1+ {[%clk 0:00:11]} 32. Kh2 {[%clk 0:00:17]}  Nd5 {[%clk 0:00:10]} 33. Bxa5 {[%clk 0:00:16]}  Rd3 {[%clk 0:00:09]} 34. Bc3 {[%clk 0:00:15]}  Nxc3 {[%clk 0:00:08]} 35. Nxc3 {[%clk 0:00:14]}  Bf6 {[%clk 0:00:08]} 36. Rc2 {[%clk 0:00:14]}  Rd4 {[%clk 0:00:06]} 37. g3 {[%clk 0:00:14]}  Be5 {[%clk 0:00:05]} 38. Ne2 {[%clk 0:00:12]}  Rd1 {[%clk 0:00:04]} 39. f4 {[%clk 0:00:12]}  Bc7 {[%clk 0:00:04]} 40. Kg2 {[%clk 0:00:11]}  Ke7 {[%clk 0:00:04]} 41. Kf3 {[%clk 0:00:12]}  Kd6 {[%clk 0:00:04]} 42. Nc3 {[%clk 0:00:11]}  Rd3+ {[%clk 0:00:03]} 43. Ke4 {[%clk 0:00:11]}  Rxg3 {[%clk 0:00:04]} 44. Rd2+ {[%clk 0:00:11]}  Ke7 {[%clk 0:00:04]} 45. Rd3 {[%clk 0:00:11]}  Rg2 {[%clk 0:00:04]} 46. Nd1 {[%clk 0:00:09]}  Rg1 {[%clk 0:00:03]} 47. b4 {[%clk 0:00:08]}  Bb6 {[%clk 0:00:02]} 48. b5 {[%clk 0:00:08]}  cxb5 {[%clk 0:00:02]} 49. axb5 {[%clk 0:00:08]}  Rg6 {[%clk 0:00:02]} 50. Nc3 {[%clk 0:00:07]}  Re6+ {[%clk 0:00:02]} 51. Kf3 {[%clk 0:00:07]}  Ke8 {[%clk 0:00:01]} 52. Nd5 {[%clk 0:00:07]}  Rd6 {[%clk 0:00:01]} 53. Ke4 {[%clk 0:00:07]}  Bd8 {[%clk 0:00:00]} 54. f5 {[%clk 0:00:07]} 1-0